Datum a čas kvízu
38
Celkem bodů
Celkový počet nahraných bodů na tomto kvízu bez doplňovacích otázek.
4.
Pořadí na kvízu
Konečné umístění týmu na tomto kvízu.
Zaznamenané odpovědi
| # | Otázka | Odpověď | Body | Výsledky |
|---|---|---|---|---|
| 1. | Ve středu přidala vláda na čes... | Voice of Europe (Hlas Evropy) | 0 | |
| 2. | Který český ministr absolvoval... | Marek Výborný | 0 | |
| 3. | Minulý týden byly rozdány ceny... | David Koller, Pam Rabbit | 1 | |
| 4. | V pondělí oznámila síň Heritag... | D) rám dveří, na němž se Rose zachránila | 1 | |
| 5. | Kterými slovy na KF se nazývá... | kolem Flander | 0 | |
| 6. | Věříme, že ovládáte velkou pal... | Řecko | 0 | |
| 7. | Zhruba 56 tisíc lidí obývá ost... | Grónsko | 0 | |
| 8. | Vyberte zemi, jejíž zkratka ná... | C | 1 | |
| 9. | V Evropské unii žije momentáln... | 1D 2A 3C 4B | 1 | |
| 10. | Na snímku z letiště můžete spa... | Dublin | 1 |